Toptorjäger Bundesliga 19/20 - Statistiken

Allgemein
  • Dieses Quiz wurde 173 mal gespielt
  • Das Durchschnittsergebnis liegt bei 14 aus 20
Antwortstatistiken
Tore Verein Spieler % Korrekt
34 FC Bayern München Robert Lewandowski
99%
28 RB Leipzig Timo Werner
98%
13 Borussia Dortmund Erling Haaland
89%
11 Borussia Dortmund Marco Reus
86%
17 Borussia Dortmund Jadon Sancho
82%
16 VFL Wolfsburg Wout Weghorst
80%
12 FC Bayern München Serge Gnabry
76%
10 Borussia Mönchengladbach Alassane Plea
74%
10 Borussia Mönchengladbach Marcus Thuram
72%
11 SC Freiburg Nils Petersen
71%
15 Fortuna Düsseldorf Rouwen Hennings
71%
12 TSG Hoffenheim Andrej Kramaric
69%
12 Bayer 04 Leverkusen Kai Havertz
66%
12 Eintracht Frankfurt Andre Silva
64%
13 FC Augsburg Florian Niederlechner
55%
10 Bayer 04 Leverkusen Kevin Volland
51%
13 1.FC Köln Jhon Cordoba
46%
10 RB Leipzig Patrik Schick
45%
12 1.FC Union Berlin Sebastian Andersson
45%
13 1.FSV Mainz 05 Robin Quaison
41%
Keine übereinstimmenden Quizze gefunden
Verteilung der Resultate
Anzahl Personen mit jedem Resultat
Perzentil nach korrekt beantworteten Fragen
Ihre Resultats-Entwicklung
Sie haben dieses Quiz noch nicht gespielt